Historic county tops of Britain and Ireland (in order) - Statistics

General Stats
  • This quiz has been taken 6 times
  • The average score is 29 of 116
Answer Stats
Country Clue Name Height Answer % Correct
England C Scafell Pike 978m Cumberland
80%
Scotland A Ben Macdhui 1,310m Aberdeenshire
60%
Scotland A Glas Maol 1,068m Angus
60%
Scotland A Kirriereoch Hill 782m Ayrshire
60%
Scotland B Ben Macdhui 1,310m Banffshire
60%
Wales C Yr Wyddfa/Snowdon 1,085m Caernarfonshire
60%
Scotland I Ben Nevis 1,345m Inverness-shire
60%
Ireland K Carrauntoohil 1,039m Kerry
60%
England L Coniston Old Man 803m Lancashire
60%
Scotland S Ben Lomond 974m Stirlingshire
60%
England W Helvellyn 950m Westmorland
60%
Ireland W Lugnaquilla 925m Wicklow
60%
Northern Ireland A Trostan 550m Antrim
40%
Scotland A Bidean nam Bian 1,150m Argyllshire
40%
Northern Ireland A Slieve Gullion 573m Armagh
40%
Wales B Pen y Fan 886m Brecknockshire
40%
Scotland B Goat Fell 874m Bute
40%
England C Brown Willy 420m Cornwall
40%
England D High Willhays 621m Devon
40%
Ireland D Errigal 751m Donegal
40%
England D Lewesdon Hill 279m Dorset
40%
Ireland D Kippure 757m Dublin
40%
Scotland D White Coomb 821m Dumfriesshire
40%
England H Pilot Hill 286m Hampshire
40%
England K Betsom's Hill 251m Kent
40%
Ireland K Cupidstown Hill 379m Kildare
40%
Scotland K Merrick 843m Kirkcudbrightshire
40%
Scotland L Culter Fell 748m Lanarkshire
40%
Ireland L Galtymore 918m Limerick
40%
Ireland M Mweelrea 814m Mayo
40%
Scotland M Carn a' Ghille Chearr 710m Moray
40%
England N The Cheviot 815m Northumberland
40%
Scotland P Broad Law 840m Peeblesshire
40%
Scotland P Ben Lawers 1,214m Perthshire
40%
Scotland R/C Carn Eige 1,183m Ross-shire
40%
England S Great Wood 128m Suffolk
40%
England S Blackdown 280m Sussex
40%
Ireland T Galtymore 918m Tipperary
40%
Northern Ireland T Sawel 678m Tyrone
40%
Ireland W Knockmealdown 792m Waterford
40%
Ireland W Mount Leinster 794m Wexford
40%
England Y Mickle Fell 788m Yorkshire
40%
Scotland B Meikle Says Law 532m Berwickshire
20%
Scotland C Morven 706m Caithness
20%
England C Great Chishill 146m Cambridgeshire
20%
Wales C Pen Pumlumon Fawr 752m Cardiganshire
20%
Ireland C Mount Leinster 794m Carlow
20%
Wales C Fan Foel 781m Carmarthenshire
20%
England C Black HIll 582m Cheshire
20%
Scotland C Ben Cleuch 721m Clackmannanshire
20%
Ireland C Moylussa 532m Clare
20%
Ireland C Knockboy 706m Cork
20%
Wales D Cadair Berwyn 830m Denbighshire
20%
England D Kinder Scout 636m Derbyshire
20%
Northern Ireland D/L Sawel 678m Derry
20%
Northern Ireland D Slieve Donard 850m Down
20%
Scotland D Ben Vorlich 943m Dunbartonshire
20%
England D Burnhope Fell 746m Durham
20%
Scotland E Meikle Says Law 535m East Lothian
20%
England E Chrishall Common 147m Essex
20%
Northern Ireland F Cuilcagh 665m Fermanagh
20%
Ireland G Benbaun 729m Galway
20%
England G Cleeve Hill 330m Gloucestershire
20%
England H Black Mountain 700m Herefordshire
20%
Scotland K Mount Battock 778m Kincardineshire
20%
Scotland K Innerdouny Hill 497m Kinross-shire
20%
Ireland L Arderin 527m Laois
20%
Ireland L Slieve Foye 589m Louth
20%
Ireland M Slieve na Calliagh 276m Meath
20%
Wales M Aran Fawddwy 905m Merionethshire
20%
Scotland M Blackhope Scar 657m Midlothian
20%
Wales M Moel Sych 827m Montgomeryshire
20%
Scotland N Carn Glas-choire 659m Nairnshire
20%
England N Beacon Hill 105m Norfolk
20%
Ireland O Arderin 527m Offaly
20%
Scotland R Hill of Stake 522m Renfrewshire
20%
England R Cold Overton Park 197m Rutland
20%
Scotland S Dun Rig 744m Selkirkshire
20%
England S Brown Clee Hill 540m Shropshire
20%
Ireland S Truskmore 647m Sligo
20%
England S Dunkery Beacon 519m Somerset
20%
England S Cheeks Hill 520m Staffordshire
20%
England S Leith Hill 294m Surrey
20%
Scotland S Ben More Assynt 998m Sutherland
20%
England W Ebrington Hill 261m Warwickshire
20%
Scotland W West Cairn Hill 562m West Lothian
20%
Ireland W Mullaghmeen 258m Westmeath
20%
England W Milk Hill 295m Wiltshire
20%
England W W************* Beacon 425m Worcestershire
20%
Wales A Holyhead Mountain 220m Anglesey
0%
England B Dunstable Downs 243m Bedfordshire
0%
England B Walbury Hill 297m Berkshire
0%
Ireland C Cuilcagh 665m Cavan
0%
Scotland C Sgurr Mor 1,110m Cromartyshire
0%
Scotland F West Lomond 522m Fife
0%
Wales F Moel Famau 555m Flintshire
0%
Wales G Craig y Llyn 600m Glamorgan
0%
England H Pavis Wood 244m Hertfordshire
0%
England H Boring Field 80m Huntingdonshire
0%
Ireland K Brandon Hill 515m Kilkenny
0%
England L Bardon Hill 278m Leicestershire
0%
Ireland L Truskmore South-East Cairn 631m Leitrim
0%
England L Normanby Top 168m Lincolnshire
0%
Ireland L Carn Clonhugh 278m Longford
0%
England M Bushey Heath 155m Middlesex
0%
Ireland M Slieve Beagh 373m Monaghan
0%
Wales M Chwarel y Fan 680m Monmouthshire
0%
England N Arbury Hill 225m Northamptonshire
0%
England N Newtonwood Lane (not Silverhill!) 205m Nottinghamshire
0%
Scotland O Ward Hill 481m Orkney
0%
Wales P Foel Cwmcerwyn 536m Pembrokeshire
0%
Wales R Great Rhos 660m Radnorshire
0%
Ireland R Seltanna­saggart 428m Roscommon
0%
Scotland R Cairn Hill/Hangingstone Hill 743m Roxburghshire
0%
Scotland S Ronas Hill 450m Shetland
0%
Scotland W Craigairie Fell 322m Wigtownshire
0%
No matching quizzes found
Score Distribution
Percent of People with Each Score
Percentile by Number Answered
Your Score History
You have not taken this quiz